Handbook of Financial Time Series

Zapisane w:
Opis bibliograficzny
Główni autorzy: Andersen, Torben G (Autor), Davis, Richard A (Autor), Kreiss, Jens-Peter (Autor), Mikosch, Thomas (Autor)
Format: Książka
Język:angielski
Wydane: Berlín Springer 2009
Wydanie:1a. ed
Hasła przedmiotowe:
Etykiety: Dodaj etykietę
Nie ma etykietki, Dołącz pierwszą etykiete!

MARC

LEADER 00000nam a2200000 a 4500
001 UCG0474
003 CL-VaPUC
008 100325e20090000GW |||||||||||||||||eng|d
020 |a 9783540712961 
082 0 4 |a 519.55  |b AND  |2 21 
100 0 |a Andersen, Torben G  |e author  |9 547899 
700 0 |a Davis, Richard A  |e author  |9 547900 
700 0 |a Kreiss, Jens-Peter  |e author  |9 547901 
700 0 |a Mikosch, Thomas  |e author  |9 547902 
245 1 0 |a Handbook of Financial Time Series 
250 |a 1a. ed 
300 |a 1050 p 
942 |c BK 
945 |d 20100325 00:00:00  |a cmena 
260 |a Berlín  |b Springer  |c 2009 
650 7 |a SERIES DE TIEMPO  |2 CL-VaPUC  |9 424864 
650 0 |a Modelos matemáticos   |9 259437 
650 0 |a Estadística matemática  |9 260028 
650 0 |a Modelos Estocasticos  |9 384810 
650 0 |a Finanzas  |9 260832 
583 |a last modification  |c 20121217 09:15:47  |k Rodrigo Vera 
999 |c 340096  |d 340094 
952 |0 0  |1 0  |4 0  |6 519_550000000000000_AND_2009  |7 0  |8 A  |9 434600  |a BIBGIM  |b BIBGIM  |d 2019-11-22  |i 4654463  |l 2  |m 1  |o 519.55 AND 2009  |p 4654463  |r 2025-01-15  |s 2021-10-26  |w 2019-11-22  |y BK  |k EST